000 00510nam a22001697a 4500
008 230602b xxu||||| |||| 00| 0 eng d
082 _a305.569
_bMNPD
110 _dJune 1998
245 _aPoverty in Kenya
_bIncidence and Depth of Poverty
_cCentral Bureau of Statistics
250 _aFirst Report
260 _aKenya
_bCentral Bureau of Statistics
_cJune 1998
300 _a67 p
440 _v1
500 _aTables of Statistics
610 _bHuman Resources and Social Services Department
942 _2ddc
_cBK
999 _c195
_d195